| 000 | 00733cab a2200229 4500 | ||
|---|---|---|---|
| 001 | WB2350-24 | ||
| 008 | 090401t1987 xxu||||| |||| 00| 0 eng d | ||
| 035 | _a(Sirsi) u72971 | ||
| 041 | _aeng | ||
| 245 | _aDocks development | ||
| 260 | _c1987 | ||
| 350 | _a0 | ||
| 490 |
_aTimes _v16/12/87 p5 |
||
| 520 | _aThe Royal Docks Housing Group is joining the Heron , Mowlem , Conran Roche organisation to develop the south side of Victoria Docks . The 500m development is to include homes for sale, letting and shared ownership . | ||
| 650 | _aBARRATT DEVELOPMENTS | ||
| 650 | _aCOUNTRYSIDE PROPERTIES | ||
| 650 | _aDOCKLANDS | ||
| 650 | _aLONDON | ||
| 690 | _aPROPERTY LAW AND PRACTICE | ||
| 942 | _n0 | ||
| 948 | _c04/03/1997 | ||
| 999 |
_c46132 _d46132 |
||